Meghaladta az 1000 centit a Tisza vízszintje - Búvárok vizsgálták a partfalat Holnapra várható a tetőzés Szegednél
Elmentve itt :
| Dokumentumtípus: | Cikk |
|---|---|
| Megjelent: |
2006-04-20
|
| Sorozat: | Délmagyarország
|
| Kulcsszavak: | Egyetemi hallgatók az árvíznél |
| Online Access: | http://univ.bibl.u-szeged.hu/29583 |
| LEADER | 00544nab a2200157 i 4500 | ||
|---|---|---|---|
| 001 | univ29583 | ||
| 005 | 20171214104421.0 | ||
| 008 | 171214s2006 hu o 0|| zxx d | ||
| 040 | |a SZTE UnivHistória Repozitórium |b hun | ||
| 041 | |a zxx | ||
| 245 | 0 | 0 | |a Meghaladta az 1000 centit a Tisza vízszintje - Búvárok vizsgálták a partfalat |h [elektronikus dokumentum] : |b Holnapra várható a tetőzés Szegednél |
| 260 | |c 2006-04-20 | ||
| 300 | |a 5 | ||
| 490 | 0 | |a Délmagyarország | |
| 561 | |a Egyetemi hirarchívum | ||
| 695 | |a Egyetemi hallgatók az árvíznél | ||